000 00440nam a22001457a 4500
020 _a9789692351508
082 _a346.048
_bQUR
100 _aQureshi, Ijaz A.
245 _aIntellectual Property Rights and Innovation /
_cIjaz A. Qureshi and Shazia Qureshi
260 _aLahore :
_bUniversity of Lahore Press,
_cN.A.
300 _a220 p.
563 _aPB.
650 _aLaw, Intellectual Property Rights
_9128240
942 _2ddc
_cBK
999 _c613280
_d613280